[Event "World Amateur-ch U2300"]
[Site "Spoleto"]
[Date "2017.04.07"]
[Round "8"]
[White "Faraoni, Enrico"]
[Black "Gutierrez, Renzo"]
[Result "0-1"]
[WhiteElo "2062"]
[BlackElo "2282"]
[PlyCount "80"]
[EventDate "2017.04.01"]
[EventType "swiss"]
[EventRounds "9"]
[EventCountry "ITA"]
[SourceTitle "CBM 177 Extra"]
[Source "ChessBase"]
[SourceDate "2017.04.27"]
[SourceVersion "1"]
[SourceVersionDate "2017.04.27"]
[SourceQuality "1"]

1. e4 c5 2. b3 e6 3. Nf3 Nc6 4. Bb2 d6 5. Bb5 Bd7 6. 0-0 a6 7. Bxc6 Bxc6 8. Qe2 e5 9. c3 Ne7 10. Rd1 Ng6 11. d4 Qf6 12. dxe5 dxe5 13. c4 Nf4 14. Qe3 Qg6 15. g3 f6 16. Nc3 Ne6 17. Nd5 0-0-0 18. Nb6+ Kc7 19. Rxd8 Nxd8 20. Nd5+ Kb8 21. b4 cxb4 22. a3 b3 23. Nh4 Qf7 24. Qxb3 Bc5 25. Nf5 Ne6 26. Rb1 Qd7 27. Bc3 Ng5 28. Bb4 Bxf2+ 29. Kxf2 Nxe4+ 30. Kg1 Qxf5 31. Be1 Qd7 32. Qd3 f5 33. Bc3 Re8 34. Bb4 Rd8 35. Bc3 Qd6 36. Bb4 Qd7 37. Be7 Qxe7 38. Nxe7 Rxd3 39. Nxc6+ Kc7 40. Nxe5 Rxa3 0-1

[Event "World Amateur-ch U2300"]
[Site "Spoleto"]
[Date "2017.04.02"]
[Round "3"]
[White "Palma, Maria"]
[Black "Faraoni, Enrico"]
[Result "0-1"]
[WhiteElo "1976"]
[BlackElo "2062"]
[PlyCount "60"]
[EventDate "2017.04.01"]
[EventType "swiss"]
[EventRounds "9"]
[EventCountry "ITA"]
[SourceTitle "CBM 177 Extra"]
[Source "ChessBase"]
[SourceDate "2017.04.27"]
[SourceVersion "1"]
[SourceVersionDate "2017.04.27"]
[SourceQuality "1"]

1. c4 e5 2. g3 Nc6 3. Bg2 g5 4. e3 Bg7 5. Nc3 d6 6. Nge2 Nge7 7. 0-0 Ng6 8. d3 h5 9. f4 exf4 10. exf4 Bg4 11. h3 Bd4+ 12. Kh1 Qd7 13. Qe1 0-0-0 14. Nxd4 Nxd4 15. Qe4 Nc6 16. hxg4 hxg4+ 17. Kg1 f5 18. Qd5 Rde8 19. Qb5 a6 20. Bxc6 bxc6 21. Qxa6+ Kb8 22. Nb5 cxb5 23. Qxb5+ Qxb5 24. cxb5 Re2 25. Rf2 Re1+ 26. Rf1 Rxf1+ 27. Kxf1 gxf4 28. Kg2 fxg3 29. Kxg3 Rh3+ 30. Kg2 Nh4+ 0-1

[Event "Torino Province-ch"]
[Site "Torino"]
[Date "2015.03.05"]
[Round "6"]
[White "Castelli, Giovanni J"]
[Black "Faraoni, Enrico"]
[Result "1-0"]
[WhiteElo "1950"]
[BlackElo "2093"]
[PlyCount "59"]
[EventDate "2015.01.29"]
[EventType "swiss"]
[EventRounds "7"]
[EventCountry "ITA"]
[SourceTitle "EXT 2017"]
[Source "ChessBase"]
[SourceDate "2016.10.25"]
[SourceVersion "1"]
[SourceVersionDate "2016.10.25"]
[SourceQuality "1"]

1. e4 c5 2. Nf3 Nc6 3. d4 cxd4 4. Nxd4 e5 5. Nb5 d6 6. N1c3 a6 7. Na3 b5 8. Nd5 Nce7 9. c4 Nxd5 10. exd5 Nf6 11. cxb5 Be7 12. bxa6 0-0 13. Bc4 Rxa6 14. 0-0 h6 15. Qe2 Ra5 16. Nb5 Bb7 17. b4 Rxb5 18. Bxb5 Nxd5 19. Bd2 Qa8 20. a4 Nc7 21. f3 Ne6 22. Bd3 Nd4 23. Qd1 d5 24. a5 e4 25. fxe4 dxe4 26. Bc4 Nc6 27. Qh5 Qa7+ 28. Kh1 e3 29. Bxf7+ Kh8 30. Bc4 1-0

[Event "Torino Province-ch"]
[Site "Torino"]
[Date "2015.02.26"]
[Round "5"]
[White "Faraoni, Enrico"]
[Black "Manni, Stefano"]
[Result "1/2-1/2"]
[WhiteElo "2093"]
[BlackElo "2043"]
[PlyCount "35"]
[EventDate "2015.01.29"]
[EventType "swiss"]
[EventRounds "7"]
[EventCountry "ITA"]
[SourceTitle "EXT 2017"]
[Source "ChessBase"]
[SourceDate "2016.10.25"]
[SourceVersion "1"]
[SourceVersionDate "2016.10.25"]
[SourceQuality "1"]

1. f4 d5 2. Nf3 Bg4 3. e3 Nd7 4. h3 Bxf3 5. Qxf3 e5 6. Be2 Ngf6 7. 0-0 exf4 8. exf4 Bc5+ 9. Kh1 0-0 10. c3 Re8 11. d4 Bf8 12. Bd3 Ne4 13. Bxe4 dxe4 14. Qf2 f5 15. Be3 Nf6 16. Nd2 Nd5 17. Nc4 Bd6 18. g4 1/2-1/2

[Event "Torino Province-ch"]
[Site "Torino"]
[Date "2015.02.19"]
[Round "4"]
[White "Di Chiara, Mauro"]
[Black "Faraoni, Enrico"]
[Result "1/2-1/2"]
[WhiteElo "1976"]
[BlackElo "2093"]
[PlyCount "63"]
[EventDate "2015.01.29"]
[EventType "swiss"]
[EventRounds "7"]
[EventCountry "ITA"]
[SourceTitle "EXT 2017"]
[Source "ChessBase"]
[SourceDate "2016.10.25"]
[SourceVersion "1"]
[SourceVersionDate "2016.10.25"]
[SourceQuality "1"]

1. Nf3 f5 2. d4 Nf6 3. c4 d6 4. Nc3 g6 5. g3 Bg7 6. Bg2 0-0 7. d5 Na6 8. 0-0 e5 9. dxe6 c6 10. Bf4 Bxe6 11. Bxd6 Bxc4 12. Ne5 Be6 13. Nxc6 bxc6 14. Bxc6 Rf7 15. Bxa8 Qxa8 16. Qa4 Nc7 17. Rfd1 Ncd5 18. Qa5 Nxc3 19. bxc3 Nd5 20. Rab1 Rb7 21. Rxb7 Qxb7 22. Qd8+ Kf7 23. Bb4 Nxb4 24. cxb4 Qxb4 25. Rc1 Be5 26. Qd3 Qd6 27. Qxd6 Bxd6 28. Rb1 Bd5 29. Rb5 Bxa2 30. Rb7+ Kf6 31. Rxa7 Bc4 32. Kf1 1/2-1/2

[Event "Torino Carnevale op 2nd"]
[Site "Torino"]
[Date "2015.02.14"]
[Round "2"]
[White "Faraoni, Enrico"]
[Black "Carfagna, Alex"]
[Result "1/2-1/2"]
[WhiteElo "2079"]
[BlackElo "1851"]
[PlyCount "109"]
[EventDate "2015.02.13"]
[EventType "swiss"]
[EventRounds "6"]
[EventCountry "ITA"]
[SourceTitle "EXT 2017"]
[Source "ChessBase"]
[SourceDate "2016.10.25"]
[SourceVersion "1"]
[SourceVersionDate "2016.10.25"]
[SourceQuality "1"]

1. f4 d5 2. Nf3 Nf6 3. g3 e6 4. Bg2 c5 5. 0-0 Nc6 6. d3 Be7 7. Nc3 0-0 8. e4 dxe4 9. dxe4 Qb6 10. e5 Rd8 11. Qe2 Nd5 12. Ne4 Nd4 13. Qf2 Nb4 14. Ne1 Nd5 15. c3 Nc6 16. g4 c4 17. Nc2 Qxf2+ 18. Kxf2 Rb8 19. Be3 b6 20. Rad1 Bb7 21. Ke2 Ba8 22. h4 Rbc8 23. h5 Rc7 24. Bd4 Rcd7 25. f5 Nc7 26. f6 Bf8 27. fxg7 Bxg7 28. Nf6+ Bxf6 29. Bxc6 Bxc6 30. Rxf6 Be4 31. Ne3 Bd3+ 32. Rxd3 cxd3+ 33. Kxd3 Nd5 34. Nxd5 Rxd5 35. Ke4 Rc8 36. g5 Re8 37. Rf2 Rd7 38. a4 Kg7 39. Rf6 Rg8 40. b4 Kf8 41. Kf4 Rd5 42. Kg4 Ke7 43. Kh4 Rd7 44. Rf2 Kd8 45. Ra2 Kc8 46. Rf2 Kc7 47. Rf6 Kb7 48. b5 Rc7 49. Kg4 Rd7 50. Kf4 Rc7 51. Rh6 Rg7 52. Rf6 Rg8 53. Rh6 Rg7 54. Rf6 Rg8 55. Rh6 1/2-1/2

[Event "Vercelli op"]
[Site "Vercelli"]
[Date "2014.06.14"]
[Round "3"]
[White "Faraoni, Enrico"]
[Black "Gromovs, Sergejs"]
[Result "0-1"]
[WhiteElo "2087"]
[BlackElo "2196"]
[PlyCount "64"]
[EventDate "2014.06.13"]
[EventType "swiss"]
[EventRounds "5"]
[EventCountry "ITA"]
[SourceTitle "EXT 2024"]
[Source "ChessBase"]
[SourceDate "2023.10.10"]
[SourceVersion "1"]
[SourceVersionDate "2023.10.10"]
[SourceQuality "1"]

1. e4 c5 2. Nf3 d6 3. d4 cxd4 4. Nxd4 Nf6 5. Nc3 a6 6. Rg1 e5 7. Nb3 Be6 8. g4 h6 9. h4 Nc6 10. g5 hxg5 11. hxg5 Nd7 12. Be3 Nc5 13. Qd2 Rh4 14. 0-0-0 Nxe4 15. Nxe4 Rxe4 16. Bg2 Ra4 17. Kb1 Qc7 18. g6 f6 19. Bd5 Bxd5 20. Qxd5 0-0-0 21. c3 Kb8 22. Rh1 Rg4 23. Rh8 Rxg6 24. Qe4 Qf7 25. f4 f5 26. Qh1 Be7 27. fxe5 dxe5 28. Bc5 Rxh8 29. Qxh8+ Kc7 30. Qa8 f4 31. Rh1 Qd5 32. Rh8 Bxc5 0-1

[Event "Cuneo Province-ch"]
[Site "Cuneo"]
[Date "2013.03.02"]
[Round "2"]
[White "Bisi, Riccardo"]
[Black "Faraoni, Enrico"]
[Result "0-1"]
[WhiteElo "1712"]
[BlackElo "2057"]
[PlyCount "78"]
[EventDate "2013.03.01"]
[EventType "swiss"]
[EventRounds "5"]
[EventCountry "ITA"]
[SourceTitle "EXT 2014"]
[Source "ChessBase"]
[SourceDate "2013.11.20"]
[SourceVersion "1"]
[SourceVersionDate "2013.11.20"]
[SourceQuality "1"]

1. e4 c5 2. Nf3 Nc6 3. d4 cxd4 4. Nxd4 e5 5. Nb5 d6 6. c4 Be7 7. N1c3 a6 8. Na3 f5 9. Bd3 f4 10. Nd5 Nf6 11. Nxe7 Qxe7 12. f3 0-0 13. Bd2 Be6 14. Nc2 Rac8 15. b3 b5 16. cxb5 axb5 17. Bxb5 Nxe4 18. fxe4 Qh4+ 19. Kf1 f3 20. g3 Qh3+ 21. Kf2 Qg2+ 22. Ke3 f2 23. Bc4 Nd4 24. Nxd4 exd4+ 25. Kxd4 Bxc4 26. bxc4 Rxc4+ 27. Kxc4 Qxe4+ 28. Kc3 Rc8+ 29. Kb2 Qd4+ 30. Ka3 Ra8+ 31. Kb3 Qd3+ 32. Bc3 Rb8+ 33. Ka3 Qxc3+ 34. Qb3+ Rxb3+ 35. axb3 Kf7 36. Rhc1 Qa5+ 37. Kb2 Qe5+ 38. Ka3 Qe2 39. b4 Ke6 0-1

[Event "Lesa op 1st"]
[Site "Lesa"]
[Date "2012.10.13"]
[Round "3"]
[White "Faraoni, Enrico"]
[Black "Turini, Gianluca"]
[Result "1/2-1/2"]
[WhiteElo "2084"]
[BlackElo "1839"]
[PlyCount "88"]
[EventDate "2012.10.12"]
[EventType "swiss"]
[EventRounds "5"]
[EventCountry "ITA"]
[SourceTitle "EXT 2015"]
[Source "ChessBase"]
[SourceDate "2014.11.20"]
[SourceVersion "1"]
[SourceVersionDate "2014.11.20"]
[SourceQuality "1"]

1. e4 c6 2. d4 d5 3. e5 Bf5 4. Nf3 e6 5. Be2 c5 6. 0-0 Nc6 7. c3 c4 8. b3 b5 9. a4 Na5 10. Nbd2 a6 11. axb5 axb5 12. b4 Nc6 13. Rxa8 Qxa8 14. Re1 Qa1 15. Nh4 Qxc3 16. Nxf5 exf5 17. e6 fxe6 18. Bh5+ Kd7 19. Nf3 Nf6 20. Bf7 Ne4 21. Bd2 Qb3 22. Qa1 Qa4 23. Qxa4 bxa4 24. b5 Nb4 25. Ne5+ Kc7 26. Bf4 Bd6 27. Bxe6 Re8 28. Bxf5 Rf8 29. Bxe4 Rxf4 30. Nxc4 Bf8 31. b6+ Kb7 32. Bf3 Rxf3 33. gxf3 dxc4 34. Ra1 c3 35. Kf1 Kxb6 36. Ke2 Kb5 37. Ra3 Nd5 38. Ra1 a3 39. Kd3 Bd6 40. Rg1 Bf8 41. Rg5 Kc6 42. Rg1 Kb5 43. Rg5 Kc6 44. Rg1 Kb5 1/2-1/2

[Event "ITA-ch B"]
[Site "Civitanova Marche"]
[Date "2012.07.15"]
[Round "1"]
[White "Iori, Massimiliano"]
[Black "Faraoni, Enrico"]
[Result "1-0"]
[WhiteElo "1962"]
[BlackElo "2093"]
[PlyCount "71"]
[EventDate "2012.07.15"]
[EventType "swiss"]
[EventRounds "8"]
[EventCountry "ITA"]
[SourceTitle "EXT 2023"]
[Source "ChessBase"]
[SourceDate "2022.10.05"]
[SourceVersion "1"]
[SourceVersionDate "2022.10.05"]
[SourceQuality "1"]

1. d4 Nf6 2. Bf4 g6 3. e3 Bg7 4. Bd3 d6 5. Nf3 Nbd7 6. c3 0-0 7. Nbd2 Qe8 8. Bb5 c6 9. Bc4 e5 10. dxe5 dxe5 11. Bg5 e4 12. Nd4 Ne5 13. Bxf6 Nxc4 14. Nxc4 Bxf6 15. Nd6 Qe7 16. Nxc8 Raxc8 17. 0-0 c5 18. Ne2 Be5 19. Qc2 c4 20. Rad1 Rc5 21. g3 Bb8 22. Rd4 Re8 23. Rfd1 Rh5 24. Rd5 Re5 25. Qa4 Rxd5 26. Rxd5 h5 27. Qd7 Kg7 28. Nd4 a6 29. a4 h4 30. Qxe7 Rxe7 31. gxh4 Kh6 32. Rc5 Rc7 33. Re5 f5 34. Re8 Ba7 35. Ne6 Rh7 36. Ng5 1-0

[Event "Torino-ch 36th"]
[Site "Torino"]
[Date "2011.12.03"]
[Round "6"]
[White "Fassio, Luca"]
[Black "Faraoni, Enrico"]
[Result "1-0"]
[WhiteElo "2101"]
[BlackElo "2109"]
[PlyCount "69"]
[EventDate "2011.11.07"]
[EventType "swiss"]
[EventRounds "7"]
[EventCountry "ITA"]
[SourceTitle "EXT 2015"]
[Source "ChessBase"]
[SourceDate "2014.11.20"]
[SourceVersion "1"]
[SourceVersionDate "2014.11.20"]
[SourceQuality "1"]

1. e4 Na6 2. d4 Nh6 3. Nf3 g6 4. c3 Bg7 5. Bd3 f6 6. 0-0 Nf7 7. b4 c6 8. a4 Nc7 9. Re1 d5 10. Nbd2 0-0 11. Ba3 a6 12. h3 g5 13. Qc2 h5 14. exd5 Nxd5 15. b5 axb5 16. axb5 cxb5 17. Bxe7 Rxa1 18. Bxd8 Rxe1+ 19. Nxe1 Rxd8 20. Bxb5 Nd6 21. Bf1 Nf4 22. Nd3 Nxd3 23. Bxd3 Re8 24. Nf3 Be6 25. Bg6 Rd8 26. Qe2 Bf7 27. Bxf7+ Kxf7 28. c4 Re8 29. Qd3 g4 30. Nh4 Re1+ 31. Kh2 Ne4 32. Qc2 Bh6 33. hxg4 hxg4 34. g3 Bg5 35. Ng2 1-0

[Event "Torino-ch 36th"]
[Site "Torino"]
[Date "2011.12.02"]
[Round "5"]
[White "Faraoni, Enrico"]
[Black "Mazzetta, Renato"]
[Result "1-0"]
[WhiteElo "2109"]
[BlackElo "1939"]
[PlyCount "85"]
[EventDate "2011.11.07"]
[EventType "swiss"]
[EventRounds "7"]
[EventCountry "ITA"]
[SourceTitle "EXT 2015"]
[Source "ChessBase"]
[SourceDate "2014.11.20"]
[SourceVersion "1"]
[SourceVersionDate "2014.11.20"]
[SourceQuality "1"]

1. e4 c5 2. Nc3 Nc6 3. f4 d6 4. Bc4 e6 5. Nf3 Nge7 6. 0-0 g6 7. d3 Bg7 8. f5 gxf5 9. Ng5 h5 10. exf5 Bd4+ 11. Kh1 d5 12. fxe6 Bxe6 13. Bf4 Bxc3 14. bxc3 dxc4 15. Ne4 Nf5 16. Bg5 Nce7 17. Rb1 Qc8 18. Qd2 Qc6 19. Nf6+ Kf8 20. Rbe1 Kg7 21. Ne4 Ng8 22. Bf6+ Nxf6 23. Qg5+ Kf8 24. Nxf6 h4 25. Rxf5 Bxf5 26. Qxf5 Rd8 27. Nh7+ Rxh7 28. Qxh7 Qf6 29. Qe4 cxd3 30. cxd3 Kg7 31. h3 Rd6 32. Qg4+ Kf8 33. Qc8+ Kg7 34. Qg4+ Kf8 35. Re3 Rxd3 36. Qc8+ Kg7 37. Qg4+ Kf8 38. Re4 Rg3 39. Qd1 Qxc3 40. Qd8+ Kg7 41. Rxh4 Qe1+ 42. Kh2 Qf2 43. Qh8+ 1-0

[Event "Torino-ch 36th"]
[Site "Torino"]
[Date "2011.11.07"]
[Round "1"]
[White "Di Chiara, Mauro"]
[Black "Faraoni, Enrico"]
[Result "0-1"]
[WhiteElo "1980"]
[BlackElo "2109"]
[PlyCount "60"]
[EventDate "2011.11.07"]
[EventType "swiss"]
[EventRounds "7"]
[EventCountry "ITA"]
[SourceTitle "EXT 2015"]
[Source "ChessBase"]
[SourceDate "2014.11.20"]
[SourceVersion "1"]
[SourceVersionDate "2014.11.20"]
[SourceQuality "1"]

1. d4 d5 2. Nf3 e6 3. c4 c5 4. cxd5 exd5 5. Nc3 Nf6 6. g3 Nc6 7. Bg2 Be7 8. 0-0 h6 9. dxc5 Bxc5 10. a3 a6 11. b4 Bb6 12. Bb2 0-0 13. Na4 Ba7 14. Rc1 Re8 15. Nc5 Ne4 16. Nd3 Bg4 17. h3 Nxg3 18. hxg4 Nxe2+ 19. Kh1 Nxc1 20. Qxc1 Re4 21. g5 Rc8 22. gxh6 Nd4 23. h7+ Kh8 24. Qg5 Qxg5 25. Nxg5 Rh4+ 26. Nh3 Kxh7 27. Bc1 Rc3 28. Ne5 f6 29. Nf7 Ne2 30. Be3 Bxe3 0-1

[Event "Novara op 1st"]
[Site "Novara"]
[Date "2011.11.05"]
[Round "3"]
[White "Faraoni, Enrico"]
[Black "Radice, Luca"]
[Result "1-0"]
[WhiteElo "2104"]
[BlackElo "2015"]
[PlyCount "55"]
[EventDate "2011.11.04"]
[EventType "swiss"]
[EventRounds "5"]
[EventCountry "ITA"]
[SourceTitle "EXT 2012"]
[Source "ChessBase"]
[SourceDate "2011.11.24"]
[SourceVersion "1"]
[SourceVersionDate "2011.11.24"]
[SourceQuality "1"]

1. e4 e6 2. d4 d5 3. Bd3 Nf6 4. e5 Nfd7 5. Nf3 c5 6. c3 Nc6 7. 0-0 cxd4 8. cxd4 Be7 9. Nc3 0-0 10. Bf4 f5 11. h4 Bxh4 12. Qd2 Be7 13. g3 Nb6 14. Kg2 Bd7 15. Rh1 Be8 16. Nb5 Nc4 17. Qc1 N6xe5 18. Bxe5 Bxb5 19. Bxg7 Rf7 20. Be5 Rc8 21. Qh6 Bd7 22. Qg6+ Kf8 23. Rxh7 Rxh7 24. Qxh7 Bf6 25. Bxc4 Rxc4 26. Bd6+ Be7 27. Qh8+ Kf7 28. Ne5# 1-0

[Event "Novara op 1st"]
[Site "Novara"]
[Date "2011.11.05"]
[Round "2"]
[White "Medici, Simone"]
[Black "Faraoni, Enrico"]
[Result "1-0"]
[WhiteElo "2090"]
[BlackElo "2104"]
[PlyCount "121"]
[EventDate "2011.11.04"]
[EventType "swiss"]
[EventRounds "5"]
[EventCountry "ITA"]
[SourceTitle "EXT 2012"]
[Source "ChessBase"]
[SourceDate "2011.11.24"]
[SourceVersion "1"]
[SourceVersionDate "2011.11.24"]
[SourceQuality "1"]

1. d4 Nf6 2. c4 g6 3. Nc3 Bg7 4. e4 d6 5. Nf3 0-0 6. Be2 e5 7. d5 a5 8. 0-0 Na6 9. a3 Nc5 10. Qc2 a4 11. Be3 b6 12. Nd2 Nfd7 13. Bg4 f5 14. exf5 Nf6 15. Bh3 Nh5 16. fxg6 Bxh3 17. gxh7+ Kh8 18. gxh3 Qh4 19. Qg6 Qxh3 20. Nde4 Rf4 21. f3 Nxe4 22. Nxe4 Rxf3 23. Nf2 Rxf2 24. Bxf2 Nf4 25. Qe4 Qb3 26. Rab1 Rf8 27. Bg3 Bh6 28. Bxf4 Bxf4 29. Kh1 Qh3 30. Rf2 Rf7 31. Qg6 Rg7 32. Qe8+ Kxh7 33. Rbf1 Be3 34. Qxa4 Bxf2 35. Qc2+ Kg8 36. Qxf2 Qg4 37. Qf8+ Kh7 38. Qf5+ Qxf5 39. Rxf5 Kg6 40. Rf3 Rh7 41. Kg2 Rh4 42. b3 Rd4 43. Kg3 Kg5 44. h3 e4 45. h4+ Kg6 46. Rf4 Rd3+ 47. Kg4 e3 48. h5+ Kh6 49. Rf6+ Kg7 50. Re6 Rxb3 51. h6+ Kh8 52. Kg5 e2 53. Rxe2 Rg3+ 54. Kf5 Rxa3 55. Re8+ Kh7 56. Re7+ Kxh6 57. Rxc7 Rc3 58. Rc6 Kg7 59. Ke6 Kg6 60. Kxd6 Kf6 61. Kc7+ 1-0

[Event "Nichelino op 12th"]
[Site "Nichelino"]
[Date "2011.10.08"]
[Round "3"]
[White "Faraoni, Enrico"]
[Black "Guarneri, Giuseppe"]
[Result "1-0"]
[WhiteElo "2104"]
[BlackElo "1853"]
[PlyCount "79"]
[EventDate "2011.10.06"]
[EventType "swiss"]
[EventRounds "6"]
[EventCountry "ITA"]
[SourceTitle "EXT 2023"]
[Source "ChessBase"]
[SourceDate "2022.10.05"]
[SourceVersion "1"]
[SourceVersionDate "2022.10.05"]
[SourceQuality "1"]

1. d4 c5 2. Nc3 cxd4 3. Qxd4 Nc6 4. Qa4 g6 5. h4 Bg7 6. h5 d6 7. Bd2 Bd7 8. hxg6 fxg6 9. Qh4 Nd4 10. 0-0-0 b5 11. e4 Qa5 12. Kb1 b4 13. Bc4 0-0-0 14. Bxg8 Bf6 15. Qg3 Rdxg8 16. Nd5 Qc5 17. c3 b3 18. a3 Nc2 19. Nxf6 Nxa3+ 20. Kc1 Nc4 21. Nxd7 Qa5 22. Qd3 Kxd7 23. Ne2 Nxb2 24. Qb1 Nxd1 25. Rxd1 Rb8 26. Kb2 Rb6 27. Qa1 Qxa1+ 28. Rxa1 Ra8 29. Be3 Rb7 30. g4 a5 31. Ra4 e5 32. g5 Kc6 33. c4 Rab8 34. Rxa5 Rb4 35. Ra6+ Kd7 36. Ra7+ Ke6 37. Rc7 d5 38. cxd5+ Kd6 39. Rc6+ Kd7 40. Nc3 1-0

[Event "Nichelino op 12th"]
[Site "Nichelino"]
[Date "2011.10.07"]
[Round "2"]
[White "Davi, Alessandro"]
[Black "Faraoni, Enrico"]
[Result "1/2-1/2"]
[WhiteElo "2057"]
[BlackElo "2104"]
[PlyCount "26"]
[EventDate "2011.10.06"]
[EventType "swiss"]
[EventRounds "6"]
[EventCountry "ITA"]
[SourceTitle "EXT 2023"]
[Source "ChessBase"]
[SourceDate "2022.10.05"]
[SourceVersion "1"]
[SourceVersionDate "2022.10.05"]
[SourceQuality "1"]

1. d4 d5 2. Nf3 e6 3. c4 c5 4. e3 Nf6 5. Nc3 Nc6 6. g3 a6 7. Bg2 Be7 8. 0-0 h6 9. cxd5 exd5 10. dxc5 Bxc5 11. Nd4 Bxd4 12. exd4 0-0 13. Be3 Be6 1/2-1/2

[Event "Biella op-A 2nd"]
[Site "Biella"]
[Date "2011.09.25"]
[Round "4"]
[White "Faraoni, Enrico"]
[Black "Solomon, Kenny"]
[Result "0-1"]
[WhiteElo "2104"]
[BlackElo "2426"]
[PlyCount "68"]
[EventDate "2011.09.23"]
[EventType "swiss"]
[EventRounds "5"]
[EventCountry "ITA"]
[SourceTitle "CBM 144 Extra"]
[Source "ChessBase"]
[SourceDate "2011.10.28"]
[SourceVersion "1"]
[SourceVersionDate "2011.10.28"]
[SourceQuality "1"]

1. a3 g6 2. f4 Bg7 3. Nf3 c5 4. g3 Nc6 5. Bg2 Nf6 6. d3 d5 7. 0-0 d4 8. e4 dxe3 9. Bxe3 Nd5 10. Bxc5 Bxb2 11. Nbd2 0-0 12. Ne4 Bxa1 13. Qxa1 f6 14. Nh4 Nc7 15. Be3 Rf7 16. Qb2 Rb8 17. Kh1 Nd5 18. Bg1 Nb6 19. Nc5 Qd6 20. Ne4 Qc7 21. Nc5 e5 22. fxe5 fxe5 23. Rxf7 Qxf7 24. Nf3 Bh3 25. Bxh3 Qxf3+ 26. Bg2 Qf7 27. Ne4 h6 28. c4 Rd8 29. c5 Nc8 30. Be3 Rxd3 31. Qe2 Rxa3 32. Bh3 Ra1+ 33. Bg1 Nd4 34. Qb2 Re1 0-1

[Event "Biella op-A 2nd"]
[Site "Biella"]
[Date "2011.09.24"]
[Round "2"]
[White "Faraoni, Enrico"]
[Black "Lanzani, Mario"]
[Result "1/2-1/2"]
[WhiteElo "2104"]
[BlackElo "2359"]
[PlyCount "26"]
[EventDate "2011.09.23"]
[EventType "swiss"]
[EventRounds "5"]
[EventCountry "ITA"]
[SourceTitle "CBM 144 Extra"]
[Source "ChessBase"]
[SourceDate "2011.10.28"]
[SourceVersion "1"]
[SourceVersionDate "2011.10.28"]
[SourceQuality "1"]

1. e4 e5 2. Qe2 Nc6 3. Nf3 Bc5 4. c3 d6 5. g3 Nf6 6. Bg2 0-0 7. d3 a6 8. b4 Ba7 9. 0-0 Re8 10. a4 Bd7 11. h3 b5 12. axb5 axb5 13. Kh2 h6 1/2-1/2

[Event "Torino Bombelli Memorial 11th"]
[Site "Torino"]
[Date "2011.09.11"]
[Round "4"]
[White "Faraoni, Enrico"]
[Black "Aghayev, Miragha"]
[Result "0-1"]
[WhiteElo "2104"]
[BlackElo "2112"]
[PlyCount "76"]
[EventDate "2011.09.09"]
[EventType "swiss"]
[EventRounds "5"]
[EventCountry "ITA"]
[SourceTitle "EXT 2023"]
[Source "ChessBase"]
[SourceDate "2022.10.05"]
[SourceVersion "1"]
[SourceVersionDate "2022.10.05"]
[SourceQuality "1"]

1. f4 Nf6 2. Nf3 g6 3. g3 c6 4. Bg2 Qb6 5. a4 a5 6. Ra3 Na6 7. d4 d5 8. 0-0 Bf5 9. Rb3 Qa7 10. Nh4 Be4 11. f5 Bg7 12. Nc3 Rd8 13. Bg5 0-0 14. Qc1 Ng4 15. Nxe4 dxe4 16. Bxe7 Bxd4+ 17. Kh1 Be3 18. Qa1 g5 19. h3 Nf2+ 20. Rxf2 Bxf2 21. Bxe4 Qd4 22. Bf3 gxh4 23. Rd3 Qe5 24. Bxd8 Nc5 25. Rd1 Bxg3 26. Qc1 f6 27. Bb6 Ne4 28. Rd7 Bf4 29. Qg1+ Ng3+ 30. Kg2 Rf7 31. Rd8+ Kg7 32. Bd4 Qxf5 33. e4 Nxe4 34. Bxe4 Qxe4+ 35. Kf1+ Bg3 36. Bf2 Re7 37. Rd2 Qf3 38. Qg2 Re1+ 0-1

[Event "Turin Sociale Alfieri CC-ch"]
[Site "Turin"]
[Date "2009.11.07"]
[Round "7"]
[White "Faraoni, Enrico"]
[Black "Sorcinelli, Francesco"]
[Result "1/2-1/2"]
[WhiteElo "2088"]
[BlackElo "2187"]
[PlyCount "20"]
[EventDate "2009.10.10"]
[EventType "tourn"]
[EventRounds "9"]
[EventCountry "ITA"]
[SourceTitle "EXT 2012"]
[Source "ChessBase"]
[SourceDate "2011.11.24"]
[SourceVersion "1"]
[SourceVersionDate "2011.11.24"]
[SourceQuality "1"]

1. e4 c5 2. Nf3 d6 3. Bb5+ Bd7 4. a4 Nc6 5. 0-0 Nf6 6. Re1 a6 7. Bf1 Bg4 8. c3 g6 9. d3 Bxf3 10. Qxf3 Bg7 1/2-1/2